000 02931cam a22007094i 4500
003 PE-LiUPU
005 20250731180111.0
008 160623s2015 mx a rb 001 0 spa d
020 _a9786071512949
035 _a(Sirsi) a239941
040 _aPE-LiUPU
_bspa
_cPE-LiUPU
_erda
049 _aPRUA
082 0 4 _a511.02462
_bC51
_220
082 0 4 _a511.02462
_bC51 2015
100 1 _aChapra, Steven C.,
_eautor.
245 1 0 _aMétodos numéricos :
_bpara ingenieros /
_cSteven C. Chapra, Raymond P. Canale; revisión técnica, Reyna Susana García Ruiz, Víctor Hugo Ibarra Mercado, Enrique Muñoz Díaz, Guillermo Evangelista Benites.
250 _aSéptima edición.
264 _aMéxico :
_bMcGraw-Hill Interamericana,
_c2015.
300 _aXVI, 756 páginas :
_bilustraciones ;
_c28 centímetros
336 _atext
_2rdacontent
337 _aunmediated
_2rdamedia
338 _avolume
_2rdacarrier
504 _aBibliografía: página 741-743.
504 _aÍndices: páginas 745-756.
505 0 _aModelos, computadoras y análisis del error -- Raíces de ecuaciones -- Ecuaciones algebraicas liniales -- Optimización -- Ajustes de curvas -- Diferenciación e integración numericas -- Ecuaciones diferenciales ordinarias -- Ecuaciones diferenciales parciales.
526 _aSEG44
526 _aSEG26
526 _aP159
526 _aP155
526 _aP154
526 _aP153
526 _aP150
526 _aP100
526 _aP31
526 _aP30
526 _aP26
526 _aP25
526 _aP24
526 _aP22
526 _aP15
526 _aP10
526 8 _iPrograma académico :
_5PE-LIPU
541 _g0001-42198;
541 _gF423-0000399;
650 0 4 _aMatemáticas para ingenieros.
650 0 4 _aCálculo numérico.
650 0 4 _aMathematics for engineers
650 0 4 _aNumerical operation.
700 1 _aCanale, Raymond P.,
_eautor.
700 1 _aGarcía Ruiz, Reyna Susana.
700 1 _aIbarra Mercado, Víctor Hugo.
700 1 _aMuñoz Díaz, Enrique.
700 1 _aEvangelista Benites, Guillermo.
910 _agavs
_d20191118
910 _adbm
_bksl
_cksl
_d20171031
942 _2ddc
_cBOOK
949 _a511.02462 C51 2015
_wDEWEY
_c1
_iFT04205
_lCCODEBUT1
_mBUT
_p{dolar}31.39
_r0
_sY
_tBOOK
_u2019-11-18
_xCRAI
_zCRAI
_0COMPRA
_o.STAFF. Colección General Tarapoto
994 _aC0
_bPEPRU
596 _a1 2
999 _a511.02462 C51
_wLC
_c25595
_i76750
_d25595
_e2018-8-7
_f2021-11-9
_g4
_lCCODEBUL1
_mBUL
_n4
_p40.30
_q7
_r0
_sY
_tBOOK
_u2017-10-31
_xINGENIERIA
_PP25
_0COMPRA
_o.STAFF. Colección Ingeniería y Arquitectura
999 _a511.02462 C51 2015
_wDEWEY
_c1
_iFT04205
_lCCODEBUT1
_mBUT
_p31.39
_r0
_sY
_tBOOK
_u2019-11-18
_xBIBLIOTECA
_zALL
_0COMPRA
_1FCOMPR4
_o.STAFF. Colección General Tarapoto
980 _81
_gALBERTO SANCHEZ Responsable de Automatización